Countries with the most beautiful women - Statistics

General Stats
  • This quiz has been taken 468 times
  • The average score is 8 of 11
Answer Stats
Continent No. Country % Correct
S. America 1. Brazil
96%
Europe 7. France
89%
Eurpoe 2. Russia
84%
Europe 10. Italy
83%
S. America 8. Argentina
81%
Europe 5. Sweden
81%
S. America 3. Venezuela
80%
Asia 4. India
72%
Europe 9. Ukraine
65%
Asia 11. South Korea
55%
Europe 6. Serbia
29%
No matching quizzes found
Score Distribution
Percent of People with Each Score
Percentile by Number Answered
Your Score History
You have not taken this quiz